Statistics for German Cuisine by Picture

Click here to take the quiz!

General Stats

  • This quiz has been taken 107 times
  • The average score is 7 of 12

Answer Stats

Answer% Correct
Beer
95%
Bratwurst
91%
Pretzels
90%
Gummy bears
85%
Black Forest cake
61%
Sauerkraut
59%
Currywurst
54%
Spätzle
32%
Rollmops
26%
Gingerbread
25%
Apfelschorle
18%
Rote Grütze
15%

Score Distribution

Percentile by Number Answered

Percent of People with Each Score

Your Score History

You have not taken this quiz